Normal view
MARC view
- Shiekh, Maqsood Ellahi
Entry Personal Name
001 - CONTROL NUMBER
- control field: 15331
003 - CONTROL NUMBER IDENTIFIER
- control field: NUST
005 - DATE AND TIME OF LATEST TRANSACTION
- control field: 20190622053845.0
008 - FIXED-LENGTH DATA ELEMENTS
- fixed length control field: 190622|| aca||aabn | a|a d
040 ## - CATALOGING SOURCE
- Original cataloging agency: NUST
- Transcribing agency: NUST
100 ## - HEADING--PERSONAL NAME
- Personal name: Shiekh, Maqsood Ellahi
670 ## - SOURCE DATA FOUND
- Source citation: Work cat.: (NUST): Shiekh, Maqsood Ellahi, Makhzan 7 /, 2008.
